000 04104nam a22004578a 4500
005 20010117122637.0
008 010110s2001 nyu | 00| 1aeng
010 _aB-270187-204
020 _a9788174365842
_c395.00
035 _aB-270187-204
040 _adpl
_bEnglish
082 _a954.023
100 _aGarrett, H.L.O
245 _aThe trail of Bahadur Shah Zafar /
_cby H.L.O Garrett with an introduction by M.J. Akbar
_bthe extraordinary memoir of a Pakistan woman /
260 _aNew Delhi
_bRoli Books
_c2007
270 _aM-75, G.K. II Market,
_bNew Delhi
_e110048
300 _axxi, 450p.
_c22cm (pbk)
700 _aAkbar, M.J.
942 _2ddc
_cEN
_mGAR
_h954.023
999 _c16538
_d16538